01427cam a22003254a 450000100090000000300050000900500170001400800410003101000170007202000350008902000320012402000260015602000230018204000180020505000230022308200180024610000290026424500680029326000340036130000340039549000390042950502300046865000290069865000370072785600810076485600910084594200230093699900190095995201230097814503180NUST20221115115855.0060817s2007 nyua b 001 0 eng  a 2006932970 a9780387331942 (acidfree paper) a0387331948 (acidfree paper) a9780387331959 (eISBN) a0387331956 (eISBN) aDLCcDLCdDLC00aQA184.2b.S56 200700a512.5,SHO2221 aShores, Thomas S.95692310aApplied linear algebra and matrix analysis /cThomas S. Shores. aNew York :bSpringer,cc2007. axii, 383 p. :bill. ;c25 cm.0 aUndergraduate texts in mathematics aLinear systems of Equations (Page-1), Matrix Algebra (Page-55), Vector Spaces (Page-1450, Geometrical Aspects of Standard Spaces (Page-211), The Eigenvalue Problem (Page-251), Geometrical Aspects of Abstract Space (Page-305). 0aAlgebras, Linear.910720 0aMatrix analytic methods.9102617413Table of contents onlyuhttp://www.loc.gov/catdir/toc/fy0706/2006932970.html423Publisher descriptionuhttp://www.loc.gov/catdir/enhancements/fy0824/2006932970-d.html 2ddccBKk512.5,SHO c592306d592306 00102ddc4070aMCSbMCScGENd2022-11-15o512.5,SHOpMCS34464r2022-11-15w2022-11-15yBKzAlmirah No.11, Shelf No.3